Work book for reading comprehension and language practice (Record no. 137193)

000 -LEADER
fixed length control field 00311nam a2200109Ia 4500
008 - FIXED-LENGTH DATA ELEMENTS--GENERAL INFORMATION
fixed length control field 220120s9999||||xx |||||||||||||| ||und||
100 ## - MAIN ENTRY--PERSONAL NAME
Personal name Thaker, P.K
9 (RLIN) 11789
245 #0 - TITLE STATEMENT
Title Work book for reading comprehension and language practice
260 ## - PUBLICATION, DISTRIBUTION, ETC.
Place of publication, distribution, etc. Oxford university press
Date of publication, distribution, etc. 2002
300 ## - PHYSICAL DESCRIPTION
Other physical details 0
650 ## - SUBJECT ADDED ENTRY--TOPICAL TERM
Topical term or geographic name entry element MECHANICHAL
Holdings
Withdrawn status Lost status Damaged status Not for loan Collection code Home library Current library Date acquired Barcode Date last seen Price effective from Koha item type
        Humanity Science Central Library Central Library 01/20/2022 GF1052 01/20/2022 01/20/2022 Gift Books

Powered by Koha